| 000 | 00813nam a2200289Ia 4500 | ||
|---|---|---|---|
| 001 | dia_1667 | ||
| 003 | CHAP | ||
| 005 | 20251023164558.0 | ||
| 008 | 220117s1992 xx 000 0 und d | ||
| 010 | _a172212 | ||
| 020 | _a968-24-4553-1 | ||
| 040 | _cCHAP | ||
| 082 | _a664.9028 L47 1992 | ||
| 100 | 0 |
_aLesur, Luis _966363 |
|
| 245 |
_aManual de salchichonería : una guía paso a paso / _c Luis Lesur |
||
| 260 |
_aMéxico : _b Trillas, _c1992 |
||
| 300 | _a144 p. | ||
| 400 | _aCOMO HACER BIEN Y FACIL | ||
| 440 |
_aCómo hacer bien y fácilmente _927736 |
||
| 503 | _aC/e | ||
| 650 |
_aCarne de cerdo _919136 |
||
| 650 |
_aSalchichas / _9151290 |
||
| 901 | _a664.9028 L47 1992 | ||
| 902 | _aM | ||
| 905 | _a5232271992 MX d 8222223322SPA16 | ||
| 942 |
_cLIBRO _2ddc |
||
| 999 |
_c172212 _d172212 |
||